Focus (Record no. 83082)

MARC details
000 -LEADER
fixed length control field 00912cab a22002295a 4500
001 - CONTROL NUMBER
control field L152769
008 - FIXED-LENGTH DATA ELEMENTS--GENERAL INFORMATION
fixed length control field 110420e20110312xxk 000 0 eng d
035 ## - SYSTEM CONTROL NUMBER
System control number (Sirsi) u152769
041 0# - LANGUAGE CODE
Language code of text/sound track or separate title eng
100 1# - MAIN ENTRY--PERSONAL NAME
Personal name Morrison, Adrian
245 00 - TITLE STATEMENT
Title Focus
Remainder of title Edinburgh
260 ## - PUBLICATION, DISTRIBUTION, ETC.
Date of publication, distribution, etc. 2011
490 ## - SERIES STATEMENT
Series statement Estates Gazette
Volume/sequential designation (1110) 12 March 2011, 83-97(12)
520 ## - SUMMARY, ETC.
Summary, etc. Includes a feature of Sue Bruce Edinburgh city council's new chief executive who is implementing an austerity budget; retail market outlook, the office market where office agents believe that conditions are perfect for development and the future for investment deals in Edinburgh in the context of the failure of two recent deals.
590 ## - LOCAL NOTE (RLIN)
Local note KA
651 #4 - SUBJECT ADDED ENTRY--GEOGRAPHIC NAME
Geographic name Edinburgh
690 ## - LOCAL SUBJECT ADDED ENTRY--TOPICAL TERM (OCLC, RLIN)
Topical term or geographic name as entry element PROPERTY-COMMERCIAL PROPERTY-COMMERCIAL PROPERTY MARKET
700 1# - ADDED ENTRY--PERSONAL NAME
Personal name Simmons, Mark
700 1# - ADDED ENTRY--PERSONAL NAME
Personal name Cunningham, Daniel
700 1# - ADDED ENTRY--PERSONAL NAME
Personal name Meadwell, Stacey
942 ## - ADDED ENTRY ELEMENTS (KOHA)
Suppress in OPAC 0
Holdings
Withdrawn status Lost status Source of classification or shelving scheme Damaged status Not for loan Home library Current library Shelving location Date acquired Total Checkouts Full call number Barcode Date last seen Copy number Price effective from Koha item type
    Dewey Decimal Classification     London London Journal article 20/04/2011   L152769 152769-1001 06/08/2019 1 06/08/2019 Journal article